| 000 | 00741na a2200253 4500 | ||
|---|---|---|---|
| 001 | 22575 | ||
| 003 | MIRAKIL | ||
| 005 | 20181213155136.0 | ||
| 008 | 170217b tu 000 0 | ||
| 035 | _a14769 | ||
| 040 |
_aMilas _btur _cTR-AnCHP |
||
| 041 | _atur | ||
| 082 |
_aCHP 324.174 _bG94s 2012 |
||
| 090 | _aCHP 324.174 G94s 2012 | ||
| 245 |
_aSosyalist Enternasyonal ve Cumhuriyet Halk Partisi _cZeycan Gül |
||
| 246 | _aSosyalist Enternasyonal ve CHP | ||
| 260 |
_a[y.y.] _b[yayl. y.] _c2012 _fManisa Ofset |
||
| 300 |
_a112 s. _c20 sm. |
||
| 610 |
_aCumhuriyet Halk Partisi (CHP) _xİdeoloji |
||
| 610 | _aSosyalist Enternasyonal | ||
| 650 |
_aSosyal demokrat partiler _zTürkiye |
||
| 650 | _aSosyalizm | ||
| 942 |
_2ddc _cBKS |
||
| 999 |
_c7358 _d7358 |
||